00341nam a2200109Ia 4500008004100000040004400041100002800085245006000113260002800173300001300201999001700214180412s9999||||xx |||||||||||||| ||und|| aAhmadu Bello University Library - Zaria aGardner, Frank Matthias 0aLetters to a younger librarian.cFrank Matthias Gardner aLondonbJ. Clarkec1951 ax, 178p. c25295d25295